|
|
|
|
| LEADER |
00000naa a2200000uu 4500 |
| 001 |
vtls010949806 |
| 003 |
SK-MaSNL |
| 005 |
20260302125424.0 |
| 008 |
210905|1997 xo |||||||||||||||||slo| |
| 015 |
|
|
|a SNBRA
|
| 035 |
|
|
|a (urnnbn)urn:nbn:sk:snk:ar-a0biqk
|
| 035 |
|
|
|a (uuid)3d52f400-e4b2-4087-a777-59966125093e
|
| 035 |
|
|
|a urn:nbn:sk:snk-aauasy
|
| 040 |
|
|
|a SNKBUCL
|b slo
|c SNKBUCL
|e AACR2
|
| 041 |
0 |
|
|a slo
|
| 044 |
|
|
|a xo
|c SK
|
| 100 |
1 |
|
|a Valachová, Timea
|4 aut
|9 772129
|
| 245 |
1 |
0 |
|a Skúsenosti s realizáciou preventívneho programu Zdravý spôsob života u detí MŠ
|c Timea Valachová
|
| 773 |
0 |
|
|t Cesty demokracie vo výchove a vzdelávaní
|d Bratislava : Iuventa ; Bratislava : Agentúra Závislosť ; Bratislava : Združenie Orava, 1997
|g S. 27-29
|z 8088893178
|
| 958 |
|
|
|a OND
|
| 958 |
|
|
|a article11
|
| 958 |
|
|
|a chapter
|
| 999 |
|
|
|c 1293607
|d 1295537
|